000 00442nam a2200169Ia 4500
008 131103s9999 xx 000 0 und d
040 _aLoreto College
041 _aEnglish
082 _a891.431/NAR
_bLCLIB/38657
100 _aNarayan,Kunwar
245 _aKoi doosra naheen
_cKunwar Narayan
260 _aNew Delhi
_bRajkamal Prakashan
_c1993
300 _a160 p.
_c 18 cm.
650 _aHindi - Poetry
850 _aLCLIB
942 _cBK
999 _c18679
_d69158